000 00630nac a22001931u 4500
020 _a8174091262
082 _a671.52
_bP24
090 _c3189
_d3189
100 _aParmar ,R.S.
245 _aWelding Processes And Technology /
_bPramar R.S.
260 _aDelhi:c.2005.
_bKhanna Publishers,
_cc.2005.
300 _a760p:
_bill;
_c20cm.
504 _aIncludes Index.
650 _aWelding.
650 _aWelding -Technology.
700 _aParmar ,R.S.
942 _cBB
_k671.52P24
999 _c3189
_d3189